| 000 | 02038nam0a2200373 4500 | ||
|---|---|---|---|
| 001 | RU\NLR\BIBL_A\022284991 | ||
| 005 | 20260420012755.0 | ||
| 010 |
_a978-5-91450-274-1 _9300 |
||
| 021 |
_aRU _bКН-П-24-034841 _9КН-П-24-3516 |
||
| 035 | _a(NLR Aleph) 022284991 | ||
| 090 |
_a13661488 _c13661488 |
||
| 100 | _a20240726d2024 u y0rusy50 ca | ||
| 101 | 0 | _arus | |
| 102 | _aRU | ||
| 105 | _aac z 010yy | ||
| 181 | 0 |
_ai3 _baxxe |
|
| 182 | 0 | _an | |
| 200 | 1 |
_aИнститут проблем управления им. В. А. Трапезникова Российской академии наук _iЛаборатории _eк 85-летию ИПУ РАН _fИнститут проблем управления им. В. А. Трапезникова _gглавный редактор: Д. А. Новиков, акад. РАН |
|
| 203 |
_aТекст _bвизуальный _cнепосредственный |
||
| 205 | _a2-е изд., перераб. | ||
| 210 |
_aМосква _cИПУ РАН _d2024 |
||
| 215 |
_a218 с. _cил., портр., табл. _d25 |
||
| 300 | _aЗагл. обл.: Институт проблем управления Российской академии наук | ||
| 313 | _a1 изд. 2019г. | ||
| 512 | 1 | _aИнститут проблем управления Российской академии наук | |
| 601 | 0 | 2 |
_aИнститут проблем управления им. В.А. Трапезникова _cМосква, город _xЛаборатории _92640479 _3RU\NLR\AUTH\6601746508 |
| 686 | 1 | _aЗ965е(2)л1 | |
| 702 | 1 |
_4340 _7ca _8rus _aНовиков _bД. А. _cд-р техн. наук; аналитик _f1970- _gДмитрий Александрович _97205 _3RU\NLR\AUTH\7724154 |
|
| 711 | 0 | 2 |
_aИнститут проблем управления им. В. А. Трапезникова _cМосква _9300295 _3RU\NLR\AUTH\8813628 |
| 942 | _cBOOK | ||
| 980 | _aNB | ||